000 00564nam a2200181 4500
001 112895
003 ES-MaACL
005 20230906185706.0
007 t|
008 061121s1911 sp r ||||1| spa d
100 1 _aMurri, Rómulo.
_984652
245 1 3 _aLa política clerical y la democracia /
_cR. Murri ; traducción del italiano por José Sánchez- Rojas.
260 _aMadrid :
_bLibrería Francisco Beltrán,
_c1911.
300 _a348 p. ;
_c19 cm.
700 1 _aSánchez Rojas, José.
_9102895
852 _aES-MaACL
_jG-598
852 _aES-MaACL
_jD-873
999 _c112895
_d112895